00989cam a2200217 4500020001500000040000800015082002600023245015700049260009000206300002700296490011600323500012100439650001900560650001700579650002100596700001400617700001500631700002000646710001200666710009300678 a2110848073 cDLC a639 JAM 1974 C284 Or.00aOcéanographie appliquée aux pêches,bManuel d'instruction et de perfectionnement des agents des services des pêches maritimes des pays tropicaux aParis,bSociété centrale pour l'équipement du territoire-international,cc1974. a447 p.,bill.,c24 cm.0 aManuel d'instruction et de perfectionnement des agents des services des pêches maritimes des pays tropicaux ; aAt head of title: République française, Ministère de la coopération, Direction de l'aide au développement. 0aMarine biology 0aOceanography 0aMarine resources1 aJamet, J.1 aLagoin, Y.1 aMoal, Roland A.1 aFrance.2 aSociété centrale pour l'équipement du territoire international. [from old catalog]